书目信息 |
| 题名: |
房地产市场营销
|
|
| 作者: | 周中元 主编 | |
| 分册: | ||
| 出版信息: | 重庆 重庆大学出版社 2007.08 |
|
| 页数: | 350页 | |
| 开本: | 25cm | |
| 丛书名: | 高等职业教育房地产经营与估价专业系列教材 | |
| 单 册: | ||
| 中图分类: | F293.35 | |
| 科图分类: | ||
| 主题词: | 房地产--fang di chan--市场营销学--高等教育--教材 | |
| 电子资源: | ||
| ISBN: | 978-7-5624-4260-8 | |
| 000 | 01075nam 2200265 450 | |
| 001 | 012008915837 | |
| 005 | 20080124135714.34 | |
| 010 | @a978-7-5624-4260-8@dCNY29.00 | |
| 100 | @a20080124d2007 em y0chiy0120 ea | |
| 101 | 0 | @achi |
| 102 | @aCN@b500000 | |
| 105 | @ay a 000yy | |
| 106 | @ar | |
| 200 | 1 | @a房地产市场营销@Afang di chan shi chang ying xiao@f周中元主编@Fzhou zhong yuan zhu bian |
| 210 | @a重庆@c重庆大学出版社@d2007.08 | |
| 215 | @a350页@d25cm | |
| 225 | 2 | @a高等职业教育房地产经营与估价专业系列教材@Agao deng zhi ye jiao yu fang di chan jing ying yu gu jia zhuan ye xi lie jiao cai |
| 320 | @a有书目 (第349-350页) | |
| 330 | @a本书系统介绍了房地产经营与估价专业必需的房地产市场营销基本理论知识与实务,并穿插了大量的典型案例,反映了房地产市场营销理论、观念与实践的最新发展动态。 | |
| 410 | 0 | @12001 @a高等职业教育房地产经营与估价专业系列教材 |
| 606 | 0 | @a房地产@Afang di chan@x市场营销学@x高等教育@j教材 |
| 690 | @aF293.35@v4 | |
| 701 | 0 | @a周中元@Azhou zhong yuan@4主编 |
| 801 | 0 | @aCN@bQSSK@c20080124 |
| 905 | @b280269-71@dF293.35@eZ818@f3 | |
| 房地产市场营销/周中元主编.-重庆:重庆大学出版社,2007.08 |
| 350页;25cm.-(高等职业教育房地产经营与估价专业系列教材) |
| ISBN 978-7-5624-4260-8:CNY29.00 |
| 本书系统介绍了房地产经营与估价专业必需的房地产市场营销基本理论知识与实务,并穿插了大量的典型案例,反映了房地产市场营销理论、观念与实践的最新发展动态。 |
| ● |
| 相关链接 |
|
|
|
正题名:房地产市场营销
索取号:F293.35/Z818
 
预约/预借
| 序号 | 登录号 | 条形码 | 馆藏地/架位号 | 状态 | 备注 |
| 1 | 280269 | 202802690 | 社科库409/409社科库 113排2列3层/ [索取号:F293.35/Z818] | 在馆 | |
| 2 | 280270 | 202802707 | 社科库409/409社科库 113排2列3层/ [索取号:F293.35/Z818] | 在馆 | |
| 3 | 280271 | 202802716 | 社科库409/409社科库 113排2列3层/ [索取号:F293.35/Z818] | 在馆 |